000
00208nam a2200085Ia 4500
245
0
_a
Castle
100
_a
Dennis, Peter London, 2003
_9
31175
942
_c
BK
008
210818s9999 xx 000 0 und d
999
_c
463885
_d
463884